| 000 | 00718nam a22002057a 4500 | ||
|---|---|---|---|
| 999 |
_c153008 _d153008 |
||
| 005 | 20181027181754.0 | ||
| 010 | _aB-165818 B-165841 | ||
| 020 |
_a9788179912164 _c250.00 |
||
| 035 | _aB-165818 B-165841 | ||
| 037 |
_adpl _bPopular Prakasahan |
||
| 082 | _a641.5 | ||
| 100 | _aKapoor, Sanjeev | ||
| 245 |
_aKonkan cookbook/ _cby Sanjeev Kapoor |
||
| 260 |
_aMumbai _bPopular Prakasahan _c2005 |
||
| 270 |
_a35-C Madanmohan Malviya marg Tardeo _bMumbai _e400034 |
||
| 300 |
_a138p. _c23cm(Hb) _bill. |
||
| 500 | _aKonkan Cookbook | ||
| 942 |
_2ddc _cEN _h641.5 _mKAP |
||